000 00703nam a2200205 i 4500
001 81295
003 ES-MaACL
005 20260210163245.0
007 t|
008 041104s1954 sp ||||1| spa d
100 1 _aHuerta, Antonio de la.
_964549
245 1 0 _aVariedades de batatas /
_cAntonio de la Huerta y Enrique Navarro.
260 _aMadrid :
_bA. G. Martorell,
_c1954.
300 _a28 h. :
_bil. ;
_c24 cm.
500 _aPrecede al tít.: Instituto Nacional de Investigaciones Agronómicas.
700 1 _aNavarro, Enrique.
_985064
710 _aInstituto Nacional de Investigaciones Agronómicas
_c(España)
_9219222
852 _aES-MaACL
_j1963-F-10
_bR.36311
999 _c81295
_d81295